000 00403nam a22001697a 4500
003 koha_MIRAKIL
005 20241018105501.0
008 231213b |||||||| |||| 00| 0 ||| d
040 _aTR-IsEVY
_btur
_cTR-IsEVY
082 _aB FAR
100 _aFARNSWORTH, PHILO.
245 0 _aWHO INVENTED TELEVISION.
260 _bEnslow,
_c2012
300 _a24.
650 _aİngiliz Dili.
942 _2ddc
_cBK
999 _c5511
_d5511